000 00616nam a22001937a 4500
003 0
005 20231228085410.0
008 231228b xxu||||| |||| 00| 0 eng d
020 _a978-621-409-128-7
050 _aQ 175.5
_b.B84 2019
100 _aBueno, David Cababaro
245 _aScience, technology and society
_cDavid Cababaro Bueno
260 _aMandaluyong City
_bBooks Atbp. Publishing Corp.
_cc2019
300 _avi, 188 pages ;
_c22cm.
504 _aIncludes bibliographical references and index.
650 _aScience--social aspects.
650 _aTechnology--social aspects.
942 _2lcc
_cBK
999 _c365798
_d365798